000 00338 a2200169 4500
001 166628
020 _a978-85-08-10640-0
040 _cMagnum
100 _aBetto, Frei
240 1 0 _aO vencedor
_lpor
245 1 0 _aO vencedor
300 _a157
362 0 _a2008
440 1 _aÁtica
697 _aLITERATURA JUVENIL
942 _cBK
999 _c166628
_d166628